000 01472nam0a22002891 4500
001 rc\3020876
005 20250806201403.0
035 _a(NLR Aleph) 007162953
090 _a23440
_c23440
100 _a20110927d1944 u y0rusy50 ca
101 0 _arus
102 _aRU
105 _aa z |||||
200 1 _aОпределение количества воздуха, расходуемого для горения в топках паровых котлов, по величине сопротивления воздухоподогревателя
_fСост. инж. В.И. Маслов
_gРед. проф. И.М. Рафалович
210 _aМосква
_cБ. и.
_d[1944]
_gтип. Металлургиздата
215 _a2, [2] с.
_cдиагр.
_d21 см
225 1 _aИнформационное письмо
_fНКЧМ СССР. Гос. Всесоюз. трест по проектированию, монтажу и наладке энергет. установок и контрольно-измерительных приборов "Энергочермет"
_v№ 17
300 _aБез тит. л. и обл.
700 1 _aМаслов
_bВ.И.
_gВиктор Иванович
702 1 _aРафалович
_bИ.М.
_4340
801 0 _aRU
_bNLR
_gpsbo
801 1 _aRU
_bELAR
_2rusmarc
852 _aNLR
_jТ14 Г-6/72(17)
942 _cBOOK
945 _aРоссийская национальная библиотека
980 _aNB
980 _aBV